000 00391nam a2200157Ia 4500
008 220216s9999 xx 000 0 und d
100 _aParry D W
245 0 _aDevelopment of a PCR assay to detect Fusarium poae in wheat
260 _bPlant Pathology
_c1996
300 _a383-391
650 _aFusarium poae
650 _aPCR
650 _aWheat
700 _aNicholson P
942 _cJS
999 _c56971
_d56971